00904aas a2200229 4500952009000000999001700090001001000107003001000117005001700127008004100144022001400185040004100199041000800240100003400248242004000282245006300322300006100385520009100446546002200537773010700559942000800666 001040708HEMaFUSBCbFUSBCd2016-01-26l0o r2016-01-26 00:00:00w2016-01-26yANA c53703d53703768714001CO-MdFUSB20171107120533.0170727s1996 xxu||||| |||| 00| 0 eng d a0098-9444 aCO-MdFUSBbspacCO-MdFUSBdCO-MdFUSB aspa1 aSilberman, Neil Ashereautor  0aCiudades reales del mundo bíblico 0aRoyal cities of the biblical worldc/ Neil Asher Silberman aVolumen 22. Número 5 (1996), páginas 66-67c: 28 cm.1 aBreve recuento de algunas ciudades antiguas de la biblia ubicando su posición actual aTexto en inglés0 tBiblical Archaeology Review049395959493gVolumen 22. Número 5 (1996), páginas 66-67qPágina 66 cANA